Quizzes
Events
Quiz Creation
Community
Videos
Private Events
Remove Ads
Sign In
Join for FREE
Feedback
Dark Mode
Quiz Categories
Sports
Geography
Music
Movies
Television
Just For Fun
Miscellaneous
History
Literature
Language
Science
Gaming
Entertainment
Religion
Holiday
For Kids
Quiz Lab
Recent
Popular Today
Quiz Kudos Today
Editor Picks
Curator Picks
Quizzes by...
Day
Popularity
Type
Ratings
Length
Year
Community
Subscriptions
Recent Discussions
Orange Saloon
Badges
Playlists
Quests
Create
Leaderboards
Showdown
Live 5
Trivia Bingo
Activity
Puzzle Library
Sporcle Events
Private Events
Virtual Trivia
Globe League
Become a Host
Pub Owners
SporcleCon
Opinionation
Our Games
Videos
Blog
Mobile Apps
Partnerships
Remove Ads and Go Orange
Feedback
Sports
Athletes
MLB
NBA
NHL
NFL
Soccer
Sports Teams
WWE
NCAA
Football
Premier League
Basketball
Baseball
Hockey
Golf
Tennis
Cricket
Rugby
Auto Racing
Olympics
World Cup
Sports
Athletes
MLB
NBA
NHL
NFL
Soccer
Sports Teams
WWE
NCAA
Football
Premier League
Basketball
Baseball
Hockey
Golf
Tennis
Cricket
Rugby
Auto Racing
Olympics
World Cup
Random Quiz
Search Sporcle
×
Quiz Lab
Quiz Lab
Sports
NFL
Type in answers that appear in a list
Type in answers that appear in a list
Classic
Best Score? Go Orange.
NFL Most Games With 3+ Receiving TDs Stats
Can you name the NFL players with the Most Games With 3+ Receiving TDs?
By
MM008
6m
27 Questions
169 Plays
169 Plays
169 Plays
Comments
Comments
Give Quiz Kudos
Give Quiz Kudos
-
- Ratings
hide this ad
More Info
Replay
Link that replays current quiz
Next Quiz
Link to next quiz in quiz playlist
You Got
0%
They Got
Avg Score
39%
Avg Friend Score
Upgrade to see
Score Distribution
Jump to the score distribution portion of the page
Score
0/27
Timer
06:00
0
Plays Today
Seasons Played
% Correct
1985-
2004
Jerry Rice
98.8%
1998-
Present
Randy Moss
95.3%
2001-
Present
Santana Moss
94.1%
1996-
Present
Terrell Owens
93.5%
2001-
Present
Chad Ochocinco
72.8%
1996-
2008
Marvin Harrison
68.6%
1987-
2002
Cris Carter
68.6%
1994-
2009
Isaac Bruce
58.6%
1976-
1989
Steve Largent
53.8%
1979-
1987
Kellen Winslow
49.1%
1990-
2003
Shannon Sharpe
48.5%
1988-
1994
Sterling Sharpe
48.5%
1968-
1983
Harold Jackson
39.6%
1935-
1945
Don Hutson
30.2%
Seasons Played
% Correct
1947-
1954
Hugh Taylor
25.4%
1989-
2000
Andre Rison
23.7%
1984-
2000
Irving Fryar
22.5%
1958-
1973
Don Maynard
20.7%
1977-
1989
Wesley Walker
16.6%
1979-
1988
Todd Christensen
8.9%
1992-
2000
Carl Pickens
7.7%
1957-
1968
Tommy McDonald
5.9%
1975-
1986
Leonard Thompson
3.6%
1959-
1968
Sonny Randle
3%
1998-
2006
Marcus Robinson
3%
1959-
1968
Art Powell
3%
1957-
1967
Del Shofner
1.8%
Quiz Playlist
Details
Report
Send in Message
Add To Playlist
More Info:
*=TE
Classic:
Type in answers that appear in a list
Last Updated: Feb 16, 2017
Quiz Scoreboard
CHALLENGE
Sign Up to Join the Scoreboard
Show All
Scores
Hide
Comments
May contain spoilers
Recently Published
Movies - When Are They Set?
by FPL_Elf
Movies
5m
Popular People in 1961
by mucciniale
History
6m
1-10 Letter E Words III
by El_Dandy
Language
2m
More to Explore
Quiz From the Vault
Featured Blog Post
Where Did the Easter Bunny Come From?
hide this ad
You Might Also Like...
Tags
NFL Quiz
Most Games
Player
Receiving
season
tds
Today's Top Quizzes in Sports
Browse Sports
hide this ad
Today's Top Quizzes in NFL
Browse NFL
Top Contributed Quizzes in Sports
1
Les meilleurs buteurs des matchs entre le PSG et l’OM
2
FIFA Club World Cup Champions
3
Les entraîneurs de l'OM et du PSG au 21e siècle
4
2022 World Cup Stars
5
Name the Premier League winners with different clubs
6
La finale Lions - Afrique du Sud 2021
7
Criteria MLB: Left Handed Sluggers
8
Les joueurs passés par le LOSC et le RC Lens
9
Players with Multiple 50 Home Run Seasons
10
MLB Players with Two .350 Batting Average Seasons
Explore More
Trending Topics
Marvel
Crossword
Kpop
Anime
Disney
NBA
Harry Potter
Puzzle
NFL
Soccer
Country
The Office
WWE
Song
Pokémon
hide this ad
More By:
MM008
Quiz
Plays
Rating
Category
Featured
Created
NFL 3,000-Passing Yard Seasons by Team
145,080
4.52
Sports
Nov 18, 2010
NFL Players with Multiple MVPs
71,952
4.54
Sports
Apr 8, 2010
NFL 1,000 Yard Receivers on Multiple Teams
58,455
4.39
Sports
Aug 12, 2011
NFL QBs with 100+ TD passes with a Team
19,185
4.39
Sports
Aug 1, 2010
NBA Most Double-Double Games
5,991
4.33
Sports
May 27, 2011
Go to Creator's Profile
Score Distribution
Quiz Creator Spotlight
MM008
Follow
Send a Message
Quizzes Created
-
Created Quiz Play Count
-
More By This Creator
Popular Quizzes Today
1
Find the Countries of Europe - No Outlines Minefield
2
Find the US States - No Outlines Minefield
3
The Countries of the World
4
Popular People in 1961
5
1-10 Letter E Words III
6
US States
7
Find the US States
8
One Thing in Common: World Cities II
More Sports Quizzes
Word Ladder: Greatest 3-Point Shooter
Quiz Lab
Trending Quizzes
Risky Map Clicking: Least Populous States A-Z
Humor Books: The Subtitles
1-10 Letter F Words
1-10 Letter G Words
One Thing in Common: United Kingdom
Recently Updated
Leaping Animals
pecheneg
Reality TV Shows (A-Z)
bhenderson79
Rickey Henderson's Hall of Fame Teammates
pecheneg
Champions League XIs: Arsenal
pecheneg
Quick Pick: Celebrities in WWE's Hall of Fame
aduchscher
A-Z Keypad Blitz II
pecheneg
Multiple Oscar Actors
pecheneg
Mystery Phrase Blitz: Oscar 'Best Actors'
pecheneg
F. Scott Fitzgerald Novels
LTH
Pick 3 Villains
ddd62291
Trending Topics
NBA
Marvel
Anime
Crossword
Harry Potter
Disney
Kpop
The Office
Soccer
Puzzle
Song
WWE
Pokémon
NFL
Country
Your Account Isn't Verified!
In order to create a playlist on Sporcle, you need to verify the email address you used during registration. Go to your
Sporcle Settings
to finish the process.
Report this User
Report this user for behavior that violates our
Community Guidelines
.
Details:
Send Report
Go to the Sporcle.com Mobile Site →
Comments